000 00681nam a2200217Ii 4500
003 JO-AjNU
008 230606s9999||||xx |||||||||||||| ||und||
020 _a668-01950-6
040 _aJO-AjNU
_beng
_erda
_cJO-AjNU
041 _aeng
050 1 4 _aPR4146.G33 1969
100 3 _aGardner, Stanley,
_eauthor
_95507
245 0 0 _aBlake Arco literary critiques
264 3 1 _aNew York: arco,1969
300 _a160p
_bIncludes bibliographical references
336 _atext
_btxt
_2rdacontent
337 _aunmediated
_bn
_2rdamedia
338 _avolume
_bnc
_2rdacarrier
490 0 _aArco literary critiques
650 4 _aBlake, William, 1757-1827 -Criticism and interpretation
_95508
999 _aE2848
_c2846
_d2846